Programy úspor a racionálního využití materiálů, paliv a energie
Guardado en:
| Autor principal: | |
|---|---|
| Formato: | Libro |
| Lenguaje: | checo |
| Publicado: |
Praha
Práce
1984
|
| Colección: | Na pomoc intenzifikaci národního hospodářství
sv. 5 |
| Etiquetas: |
Sin Etiquetas, Sea el primero en etiquetar este registro!
|
MARC
| LEADER | 00000nam a2200000 4500 | ||
|---|---|---|---|
| 001 | c112535 | ||
| 005 | 20050302095217.3 | ||
| 041 | 0 | |a cze | |
| 044 | |a CZ | ||
| 245 | 1 | 0 | |a Programy úspor a racionálního využití materiálů, paliv a energie |c Josef Závada |
| 264 | 1 | |a Praha |b Práce |c 1984 | |
| 300 | |a 63 s. | ||
| 490 | 1 | |a Na pomoc intenzifikaci národního hospodářství |v sv. 5 | |
| 830 | 0 | |a Na pomoc intenzifikaci národního hospodářství |v sv. 5 | |
| 100 | 1 | |a Závada, Josef | |